| 000 | 00419nam a2200169Ia 4500 | ||
|---|---|---|---|
| 008 | 230524s9999 xx 000 0 und d | ||
| 020 | _a8178085771 | ||
| 082 |
_a621.381 _bWAK |
||
| 100 | _aJohn F. Wakerly | ||
| 245 | 0 | _aDigital Design Principles and Practice | |
| 250 | _a7TH | ||
| 260 |
_aNEW DELHI _bPearson _c2004 |
||
| 300 | _aXXIII;946 | ||
| 500 | _aQuantity Number: 7 | ||
| 650 | _aElectronics | ||
| 942 | _cBK | ||
| 999 |
_c7547 _d7547 |
||